banner koha

Características físico-químicas de cachaças artesanais envelhecidas e não envelhecidas produzidas e comercializadas na Bahia (Registro n. 225967)

MARC details
000 -LÍDER
campo de controle de tamanho fixo 01051nas a2200337 4500
001 - NÚMERO DE CONTROLE
campo de controle BR2013001346
003 - IDENTIFICADOR DO NÚMERO DE CONTROLE
campo de controle BR-BrBNA
005 - DATA E HORÁRIO DA ÚLTIMA TRANSAÇÃO
campo de controle 20231205121926.0
007 - CAMPO FIXO DE DESCRIÇÃO FÍSICA--INFORMAÇÃO GERAL
campo de controle de tamanho fixo ta
008 - CAMPO DE DADOS FIXOS--INFORMAÇÃO GERAL
campo de controle de tamanho fixo 230509b bl.|||p| |||| 00| 00por d
040 ## - FONTE DA CATALOGAÇÃO
Instituição da catalogação original BR-BrBNA
Idioma da catalogação por
Instituição que transcreveu o registro Biblioteca Nacional de Agricultura
041 ## - CÓDIGO DE IDIOMA
Código do idioma do texto/trilha sonora ou título diferente (Pt)
072 ## - CÓDIGO DE CATEGORIA DE ASSUNTO
Código de Categoria de Assunto Q04; E72
100 1# - ENTRADA PRINCIPAL--NOME PESSOAL
Nome pessoal Bispo, J.L.P.
100 1# - ENTRADA PRINCIPAL--NOME PESSOAL
Nome pessoal Cardoso, M. das G.C.
100 1# - ENTRADA PRINCIPAL--NOME PESSOAL
Nome pessoal Duarte, F.C.
100 1# - ENTRADA PRINCIPAL--NOME PESSOAL
Nome pessoal Rodrigues, L.M.A.
100 1# - ENTRADA PRINCIPAL--NOME PESSOAL
Nome pessoal Mendonça, J.G.
100 1# - ENTRADA PRINCIPAL--NOME PESSOAL
Nome pessoal Saczk, A.A.
100 1# - ENTRADA PRINCIPAL--NOME PESSOAL
Nome pessoal Magriotis, Z.M.
245 1# - TÍTULO
Título Características físico-químicas de cachaças artesanais envelhecidas e não envelhecidas produzidas e comercializadas na Bahia
650 ## - ASSUNTO--TERMO TÓPICO
Cabeçalho tópico ou nome geográfico CACHAÇA
650 ## - ASSUNTO--TERMO TÓPICO
Cabeçalho tópico ou nome geográfico ANÁLISE QUIMICA
650 ## - ASSUNTO--TERMO TÓPICO
Cabeçalho tópico ou nome geográfico CONTROLE DE QUALIDADE
650 ## - ASSUNTO--TERMO TÓPICO
Cabeçalho tópico ou nome geográfico ANÁLISE FÍSICA
650 ## - ASSUNTO--TERMO TÓPICO
Cabeçalho tópico ou nome geográfico BAHIA
773 0# - ENTRADA ANALÍTICA
Título Magistra (Brazil)
ISSN - International Standard Serial Number ISSN 0102-5333
Partes relacionadas (Jul-Sep 2012), v. 24(3) p. 173-180
Número de controle do registro BR2013001346
856 40 - LOCALIZAÇÃO ELETRÔNICA E ACESSO
Caminho Link DSPACE/MAPA BR2013001346
909 ## -
-- 202311
-- Lúcia
-- 55
-- Lúcia Elande
942 ## - ELEMENTOS DE ENTRADA ADICIONADOS (KOHA)
Fonte da classificação ou esquema de arquivamento na estante Classificação AGRIS
Ocultar no OPAC Não
Tipo de material Koha Analítica
Exemplares
Situação do descarte Fonte da classificação ou esquema de arquivamento na estante Situação física Não pode ser emprestado Biblioteca de origem Biblioteca atual Localização na estante Enumeração do periódico / cronologia Total de empréstimos Data de último acesso Número do exemplar Tipo de material Koha Fonte de aquisição
  Classificação AGRIS   Consulta local Biblioteca Nacional de Agricultura - Binagri Biblioteca Nacional de Agricultura - Binagri   (Jul-Sep 2012), v. 24(3) p. 173-180   29/11/2023 01 Periódicos Portaria Interministerial nº 164/94

BINAGRI

Telefone: (61)3218-2567/2388/3357/2097 - binagri@agro.gov.br

Ministério da Agricultura e Pecuária , Esplanada dos Ministérios, Bloco D, Anexo B, Brasília/DF, CEP: 70.043-900